Quick Pick: Decathlon Events Quiz Stats

Quiz Updated Aug 5, 2016

Challenge
Share
Tweet
Embed
Score 0/10 Timer 01:00
4 Plays Today
% Correct
long jump
92.9%
high jump
90%
javelin
90%
pole vault
84.5%
shot put
84%
discus
82.8%
100m run
76.1%
110m hurdles
75.1%
1500m run
66.1%
400m run
60.4%

Today's Daily Dose

Missing Word
Law Misconceptions

Word Ladder
Easy Math

On This Day
January 20th

You're not logged in!

Compare scores with friends on all Sporcle quizzes.
Sign Up with Email
OR
Log In

You Might Also Like...

Show Comments

Extras

Top Quizzes Today


Score Distribution

Your Account Isn't Verified!

In order to create a playlist on Sporcle, you need to verify the email address you used during registration. Go to your Sporcle Settings to finish the process.